KAMUS dwibahasa : Inggeris-Melayu, Melayu-Inggeris

Bibliographic Details
Format: Book
Published: Petaling Jaya, Selangor : Pelanduk Pub. , 1993
Subjects:

MARC

LEADER 00000cam a2200000 7i4500
001 0000000815
005 20020712.0
020 0 0 |a 9679784576 
090 0 0 |a 499.23321   |b KAM 1993 
245 0 0 |a KAMUS dwibahasa :   |b Inggeris-Melayu, Melayu-Inggeris 
260 0 0 |a Petaling Jaya, Selangor :   |b Pelanduk Pub. ,   |c 1993 
300 |a x, 704 p. ;   |c 17 cm. 
650 0 0 |a English language   |x Dictionaries   |x Malay 
650 0 0 |a Malay language   |x Dictionaries   |x English 
998 |a JPSM 
999 |a 0000000149   |b Monograph   |c Open Shelf   |e Default branch